Visualizzazione normale
Vista MARC
- SPOT-TV
di Topical Term
Records bibliografici associati: 1
001 - CONTROL NUMBER
- control field: 55802
003 - CONTROL NUMBER IDENTIFIER
- control field: IT-RoPau
005 - DATE AND TIME OF LATEST TRANSACTION
- control field: 20151204112707.0
008 - FIXED-LENGTH DATA ELEMENTS
- fixed length control field: 151204|| aca||aabn | a|a d
040 ## - CATALOGING SOURCE
- Original cataloging agency: IT-RoPau
- Transcribing agency: IT-RoPau
150 ## - HEADING--TOPICAL TERM
- Topical term or geographic name entry element: SPOT-TV
- : TV-PROGRAMMI DI PUBBLICITA' [VHS]
- General subdivision: Codice MATERIA SPICS: 9968
670 ## - SOURCE DATA FOUND
- Source citation: Work cat.: (IT-RoPau)108474: Vezzani Lorenzo Codice regista SPICS: 1405 55800, MONTAGGIO PUBBLICITA' TV 58 MONTAGGIO PUBBLICITA' TV 58 (Rif. Codice opera principale : B5047), "1992 (1° ed.: 1992 ; Ed. Lingua Orig.: 1992)"